Visualizzazione normale
Vista MARC
- Sibelius Jan
di Personal Name
Records bibliografici associati: 1
001 - CONTROL NUMBER
- control field: 20853
003 - CONTROL NUMBER IDENTIFIER
- control field: IT-RoPau
005 - DATE AND TIME OF LATEST TRANSACTION
- control field: 20140414223828.0
008 - FIXED-LENGTH DATA ELEMENTS
- fixed length control field: 140414|| aca||aabn | a|a d
040 ## - CATALOGING SOURCE
- Original cataloging agency: IT-RoPau
- Transcribing agency: IT-RoPau
100 ## - HEADING--PERSONAL NAME
- Personal name: Sibelius Jan
- Dates associated with a name: Codice autore musica SPICS: 8198
- Relator term: Autore musica
- Name of part/section of a work: Valzer triste op 44
670 ## - SOURCE DATA FOUND
- Source citation: Work cat.: (IT-RoPau)104088: AA.VV. 794, Valzer celebri